000 00635nam a22001817a 4500
003 BUBTL
008 190225b xxu||||| |||| 00| 0 eng d
020 _a984-868-176-0
082 _a891.443 / AHC
100 _91693
_aআহমেদ, হুমায়ূন
245 _aচলে যায় বসেন্তের দিন /
_cহুমায়ূন আহমেদ
_h
260 _aঢাকা :
_bঅন্য প্রকাশ,
_c c2002
300 _a104 p.:
_c22 cm.
650 0 _91691
_aবাংলা সাহিত্য
856 _k0
_l0
_yDownload
942 _2ddc
_cBK
999 _c5876
_d5876